The improvement of the properties of the hydraulic system materials by means of HIP

Na minha lista:
Detalhes bibliográficos
Main Authors: Adamka, J (Author), Belko, Milan (Author), Styk, Ján (Author)
Formato: Livro
Idioma:inglês
Tags: Adicionar Tag
Sem tags, seja o primeiro a adicionar uma tag!

MARC

LEADER 00000nam a22000003a 4500
001 stu145225
005 20150617225951.0
008 070911s----------------------------eng-d
040 |a STU  |b slo 
041 0 |a eng 
100 1 |a Adamka, J  |4 aut 
245 1 |a The improvement of the properties of the hydraulic system materials by means of HIP 
300 |a 6 s 
700 1 |a Belko, Milan  |4 aut  |u M  |T MTF Materiálovotechnologická fakulta  |U M  |Y 60 
700 1 |a Styk, Ján  |4 aut  |u M  |T MTF Materiálovotechnologická fakulta  |U M  |Y 60 
996 |b 284M065903  |c M*P-5  |l MMKN  |s A  |a 24  |w stu145225_0001